000 01463cam a22002174a 4500
005 20250605164238.0
008 250528s ||||||||||||||||||||||||d
035 _a21239
020 _a9789604182695
040 _aGR-AtMCL
_bgre
_dGR-AtMCL
_eAACR2
245 1 _aΔιαφήμιση και Προώθηση / Ολοκληρωμένη Επικοινωνία Μάρκετινγκ
250 _a
260 _bΤζιόλα,
_c2011
300 _a900
520 _aΕισαγωγή στις Ολοκληρωμένες Επικοινωνίες Μάρκετινγκ, Ο Ρόλος των ΟΕΜ στην Διαδικασία του Μάρκετινγκ, Οργάνωση για την Διαφήμιση & την Προώθηση: Ο Ρόλος των Διαφημιστικών Εταιριών & άλλων Επικοινωνιακών Οργανισμών, Απόψεις για την Συμπεριφορά των Καταναλωτών, Η Επικοινωνιακή Διαδικασία, Σχεδιασμός Μέσων και Στρατηγική, Αποτίμηση των Έντυπων Μέσων, Μέσα Υποστήριξης, Άμεσο Μάρκετινγκ, Προώθηση Πωλήσεων, Προσωπικές Πωλήσεις, Διεθνής Διαφήμιση και Προώθηση, Ευρετήριο.
700 1 _aBelch George E.
_97265
700 1 _aBelch Michael A.
_97266
942 _cBK
999 _c6306
_d6306